000 00525nam a22001937a 4500
003 OSt
005 20160628124207.0
008 160628b xxu||||| |||| 00| 0 eng d
020 _a1588291294
040 _cDNLM.
082 _aQV766M468i 2003.
100 _aRoss,A.Ivan;
_99687
245 _aMedicinal Plants of the World.
260 _aTotowa;
_aNew Jersey.
_bHumana Press.
_c2003.
300 _axv,623p;
_bcol,ill;
_c26cm.
504 _aincludes references and index.
650 _aPharmacology.
_9357
942 _2z
_cO_SHELF
999 _c4516
_d4516